LEADER 01357nam a2200289 u 4500 001 000000005463 003 CaOOAMICUS 005 20070226104750.0 008 941010s1971 it u000 u ita u 035 $a10141803 040 $aPUL(R)$bita 100 1 $aDentone, Adriana.$0(OLS)http://pul/name/5655 245 14$aLa "possibilità" in Nicola Abbagnano /$cAdriana Dentone. 260 $aMilano :$bMarzorati,$c1971. 300 $a192 p. ;$c24 cm 490 1 $aPubblicazioni dell'Istituto di filosofia, Facoltà di Magistero dell'Università di Genova ;$v15 500 $aBibliografia in nota. 600 14$aAbbagnano, Nicola,$d1901-1990.$0(OLS)http://pul/subject/4933 650 4$aPossibilità.$0(OLS)http://pul/subject/4934 710 2 $aUniversità degli studi di Genova.$bFacoltà di magistero.$bIstituto di filosofia.$0(OLS)http://pul/name/5656 830 0$aPubblicazioni dell'Istituto di filosofia, Facoltà di Magistero dell'Università di Genova ;$v15.$0(OLS)http://pul/title/7959 850 $aPUL 852 $aPUL$W1$xDP1 Fondo Giannini$y60$m1554 D 26$j7638$nBK-PRI$b $qFondi$B7638$CPULBib$Z2$F7638 $H $81 941 1 $a1 961 $aINV: F.GIANNINI 996 $6245$aLa "possibilità" in Nicola Abbagnano$9(OLS)http://pul/title/7996 996 $6260$aMilano :$bMarzorati$9(OLS)http://pul/publisher/49236 LEADER 01740nam a2200325 u 4500 001 000000029075 003 CaOOAMICUS 005 20070226111856.0 008 970127s1997 it u000 u ita u 020 $a8879610406 035 $a10750133 040 $aIPA$bita$dBAV 110 2 $aGruppo italiano di ricerca su "Origene e la tradizione alessandrina".$bConvegno$n(1 :$d1996 :$cChieti).$0(OLS)http://pul/name/23573 245 13$aIl dono e la sua ombra :$bricerche sul Peri euch?s di Origene : atti del I Convegno del Gruppo italiano di ricerca su "Origene e la tradizione alessandrina" /$ca cura di Francesca Cocchini. 246 30$aRicerche sul Peri euch?s di Origene 260 $aRoma :$bInstitutum Patristicum Augustinianum,$c1997. 300 $a194 p. ;$c24 cm 490 1 $aStudia ephemeridis "Augustinianum" ;$v57 600 04$aOrigenes,$d184-253.$tDe oratione$9(Origenes, 184-253).$0(OLS)http://pul/subject/16739 700 1 $aCocchini, Francesca.$0(OLS)http://pul/name/2184 830 0$aStudia ephemeridis Augustinianum ;$v57.$0(OLS)http://pul/title/713 850 $aPUL 852 $aPUL$W1$xSL Religione 1$y3$m21 A 57$j40313$nBK-PRI$qStampati$B40313$CPULBib$Z2$F40313 $H76514 $82 941 1 $a8 961 $aINV: 76514 983 0$aSEA. 996 $6020$a8879610406$9(OLS)http://pul/number/36236 996 $6245$aIl dono e la sua ombra :$bricerche sul Peri euch?s di Origene : atti del I Convegno del Gruppo italiano di ricerca su "Origene e la tradizione alessandrina"$9(OLS)http://pul/title/39741 996 $6246$aRicerche sul Peri euch?s di Origene$9(OLS)http://pul/title/39742 996 $6260$aRoma :$bInstitutum Patristicum Augustinianum$9(OLS)http://pul/publisher/48165